000 00548nam a2200229Ia 4500
005 20250425161241.0
008 250425s9999 xx 000 0 und d
020 _a0126703507
041 _aeng
082 _a512.943
100 _aSTEWART, G. W.
245 0 _aINTRODUCTION TO MATRIX COMPUTATIONS
250 _aS.E.
260 _aEstados Unidos
_bACADEMIA PRESS
_c1973
260 _aORLANDO
300 _a441
650 _aALGORITMOS INFORMATICOS
650 _aCOMPUTACION
650 _aMATEMATICAS
942 _c01
010 _a16136
999 _c205460
_d205460